[Event "NATO-ch 23nd"]
[Site "Brest"]
[Date "2012.10.03"]
[Round "4"]
[White "Sirch, Franz"]
[Black "Guidez, Yann Michael"]
[Result "0-1"]
[WhiteElo "2173"]
[BlackElo "2262"]
[PlyCount "134"]
[EventDate "2012.10.01"]
[EventType "swiss"]
[EventRounds "7"]
[EventCountry "FRA"]
[SourceTitle "CBM 150 Extra"]
[Source "ChessBase"]
[SourceDate "2012.10.19"]
[SourceVersion "1"]
[SourceVersionDate "2012.10.19"]
[SourceQuality "1"]

1. e4 e5 2. Nf3 Nc6 3. Bb5 Nf6 4. 0-0 Nxe4 5. Re1 Nd6 6. Nxe5 Nxe5 7. Rxe5+ Be7 8. Bf1 0-0 9. d4 Bf6 10. Re1 Re8 11. c3 Rxe1 12. Qxe1 Qe8 13. Qxe8+ Nxe8 14. Bf4 d6 15. Nd2 h6 16. Ne4 Be7 17. Re1 Kf8 18. c4 Bf5 19. Nc3 Bg5 20. Bxg5 hxg5 21. g3 c6 22. d5 cxd5 23. Nxd5 Be6 24. Ne3 Rd8 25. Bg2 b6 26. Rd1 Ke7 27. Bd5 Nf6 28. Rd3 Rc8 29. Ra3 Rc7 30. b4 Nxd5 31. cxd5 Bc8 32. f4 g4 33. Kf2 a6 34. Ke2 Rc1 35. Kd3 Rh1 36. Rc3 Bd7 37. Rc2 g6 38. Kd4 Kd8 39. Rb2 Bb5 40. Nxg4 Rd1+ 41. Ke3 Rd3+ 42. Kf2 Rxd5 43. Nf6 Rd3 44. Ne4 f5 45. Ng5 Ra3 46. Ne6+ Ke7 47. Nd4 Bc4 48. Nb3 Ke6 49. Ke3 Kd5 50. h3 a5 51. bxa5 bxa5 52. Kf2 a4 53. Rd2+ Ke6 54. Nc1 Bd5 55. Re2+ Be4 56. g4 Rxh3 57. gxf5+ Kxf5 58. Re3 Rh2+ 59. Kg3 Rg2+ 60. Kh3 Rd2 61. Ne2 d5 62. Kg3 d4 63. Nxd4+ Rxd4 64. Re2 Rd3+ 65. Kh4 Kxf4 66. Rf2+ Bf3 67. a3 Rd5 0-1

[Event "NATO-ch 23nd"]
[Site "Brest"]
[Date "2012.10.01"]
[Round "1"]
[White "Sirch, Franz"]
[Black "Sycz, Dariusz"]
[Result "1-0"]
[WhiteElo "2173"]
[BlackElo "1990"]
[PlyCount "53"]
[EventDate "2012.10.01"]
[EventType "swiss"]
[EventRounds "7"]
[EventCountry "FRA"]
[SourceTitle "CBM 150 Extra"]
[Source "ChessBase"]
[SourceDate "2012.10.19"]
[SourceVersion "1"]
[SourceVersionDate "2012.10.19"]
[SourceQuality "1"]

1. e4 c5 2. Nc3 Nc6 3. Nge2 Nf6 4. d4 cxd4 5. Nxd4 d6 6. Bc4 g6 7. Nxc6 bxc6 8. e5 Ng4 9. e6 f5 10. Qd4 Qb6 11. Qxh8 Qxf2+ 12. Kd1 Qxg2 13. Rf1 d5 14. Nxd5 Bxe6 15. Nc7+ Kd7 16. Nxe6 Nf6 17. Bf4 c5 18. Nxf8+ Kc6 19. b3 g5 20. Qg7 Qe4 21. Bd2 Rd8 22. Ne6 Rd7 23. Qxg5 Qe5 24. Qxf5 Qxa1+ 25. Ke2 Qb2 26. Qxc5+ Kb7 27. Ba6+ 1-0

[Event "BL2-Sued 1011"]
[Site "Germany"]
[Date "2010.12.12"]
[Round "4.6"]
[White "Sirch, Franz"]
[Black "Schneider, Bernd2222"]
[Result "1/2-1/2"]
[WhiteElo "2185"]
[BlackElo "2410"]
[PlyCount "45"]
[EventDate "2010.10.10"]
[EventType "team-tourn"]
[EventRounds "9"]
[EventCountry "GER"]
[SourceTitle "EXT 2012"]
[Source "ChessBase"]
[SourceDate "2011.11.24"]
[SourceVersion "1"]
[SourceVersionDate "2011.11.24"]
[SourceQuality "1"]
[WhiteTeam "Krumbach"]
[BlackTeam "Untergrombach"]
[WhiteTeamCountry "GER"]
[BlackTeamCountry "GER"]

1. e4 c5 2. c3 d5 3. exd5 Qxd5 4. d4 g6 5. dxc5 Qxc5 6. Be3 Qc7 7. Na3 a6 8. Nc4 Nd7 9. a4 Bg7 10. Nf3 Nh6 11. Qb3 0-0 12. Nb6 Nxb6 13. Qxb6 Qxb6 14. Bxb6 Bd7 15. Be2 e5 16. 0-0 Rfe8 17. Rfd1 Bc6 18. Nd2 Nf5 19. Nc4 Re6 20. a5 Bb5 21. Bf1 h5 22. Ne3 Nxe3 23. Bxe3 1/2-1/2

[Event "NATO-ch 20th"]
[Site "Hammelburg"]
[Date "2009.06.19"]
[Round "7"]
[White "Sirch, Franz"]
[Black "Pedersen, Finn"]
[Result "0-1"]
[WhiteElo "2172"]
[BlackElo "2287"]
[PlyCount "88"]
[EventDate "2009.06.15"]
[EventType "swiss"]
[EventRounds "7"]
[EventCountry "GER"]
[SourceTitle "CBM 130 Extra"]
[Source "ChessBase"]
[SourceDate "2009.07.02"]
[SourceVersion "2"]
[SourceVersionDate "2009.07.15"]
[SourceQuality "1"]

1. e4 c6 2. d4 d5 3. exd5 cxd5 4. c4 Nf6 5. Nc3 Nc6 6. Nf3 Bg4 7. cxd5 Nxd5 8. Qb3 Bxf3 9. gxf3 e6 10. Qxb7 Nxd4 11. Bb5+ Nxb5 12. Qc6+ Ke7 13. Qxb5 Qd7 14. Nxd5+ Qxd5 15. Qxd5 exd5 16. 0-0 Rd8 17. Be3 d4 18. Bd2 Rd5 19. Rac1 Kd7 20. Rc4 Bc5 21. Rfc1 Bb6 22. a4 Re8 23. a5 Bd8 24. Rb4 Re2 25. Rb7+ Ke6 26. Rc6+ Kf5 27. Rxf7+ Bf6 28. Bh6 Re6 29. Rxe6 Kxe6 30. Rxa7 gxh6 31. Kf1 d3 32. Ke1 Bg5 33. Ra6+ Kf5 34. b4 d2+ 35. Kd1 Re5 36. Rd6 Re1+ 37. Kc2 Rc1+ 38. Kb3 d1Q+ 39. Rxd1 Rxd1 40. b5 Ra1 41. a6 Bd8 42. Kc4 Bb6 43. Kd5 Rc1 44. Kd6 h5 0-1

[Event "NATO-ch 20th"]
[Site "Hammelburg"]
[Date "2009.06.18"]
[Round "5"]
[White "Sirch, Franz"]
[Black "Hole, Oystein"]
[Result "1/2-1/2"]
[WhiteElo "2172"]
[BlackElo "2401"]
[PlyCount "71"]
[EventDate "2009.06.15"]
[EventType "swiss"]
[EventRounds "7"]
[EventCountry "GER"]
[SourceTitle "CBM 130 Extra"]
[Source "ChessBase"]
[SourceDate "2009.07.02"]
[SourceVersion "2"]
[SourceVersionDate "2009.07.15"]
[SourceQuality "1"]

1. e4 c6 2. d4 d5 3. exd5 cxd5 4. c4 Nf6 5. Nc3 e6 6. Nf3 Bb4 7. cxd5 Nxd5 8. Bd2 Nc6 9. Bd3 0-0 10. 0-0 Nf6 11. Qe2 Be7 12. Ne4 Bd7 13. a3 Nxe4 14. Qxe4 g6 15. Rfd1 Bf6 16. Ne5 Nxe5 17. dxe5 Bc6 18. Qg4 Bxe5 19. Bh6 Qf6 20. Bxf8 Rxf8 21. Be4 Bxb2 22. Ra2 Bxe4 23. Qxe4 Rd8 24. Rxd8+ Qxd8 25. Qb1 Be5 26. g3 b6 27. Qe4 Bd4 28. a4 a5 29. Rc2 Bc5 30. Kg2 Qd7 31. h4 h5 32. Rc3 Qd2 33. Rf3 Qd7 34. Rd3 Qe8 35. Rf3 Qd7 36. Rd3 1/2-1/2

[Event "NATO-ch 20th"]
[Site "Hammelburg"]
[Date "2009.06.15"]
[Round "1"]
[White "Sirch, Franz"]
[Black "Parisse, Denis"]
[Result "1-0"]
[WhiteElo "2172"]
[BlackElo "1960"]
[PlyCount "63"]
[EventDate "2009.06.15"]
[EventType "swiss"]
[EventRounds "7"]
[EventCountry "GER"]
[SourceTitle "CBM 130 Extra"]
[Source "ChessBase"]
[SourceDate "2009.07.02"]
[SourceVersion "2"]
[SourceVersionDate "2009.07.15"]
[SourceQuality "1"]

1. e4 e6 2. d4 d5 3. Nc3 Nf6 4. Bg5 dxe4 5. Nxe4 Be7 6. Bxf6 gxf6 7. Nf3 f5 8. Nc3 Bf6 9. Qd2 Nc6 10. Bb5 0-0 11. Bxc6 bxc6 12. Na4 Qd5 13. 0-0 Rd8 14. Nc3 Qc4 15. Qh6 Bg7 16. Qh5 f6 17. Rad1 Ba6 18. Rfe1 Rab8 19. d5 cxd5 20. Nd4 e5 21. Nxf5 d4 22. Qg4 Rd7 23. Ne4 Qc6 24. c3 d3 25. b4 Kh8 26. Re3 Rg8 27. Qh5 Bb7 28. Nh4 h6 29. h3 Qb6 30. Nc5 Rd6 31. Ng6+ Kh7 32. Qf5 1-0

[Event "NATO-ch 18th"]
[Site "Ankara"]
[Date "2007.09.05"]
[Round "5"]
[White "Bon, Michael"]
[Black "Sirch, Franz"]
[Result "1/2-1/2"]
[WhiteElo "2245"]
[BlackElo "2168"]
[PlyCount "81"]
[EventDate "2007.09.01"]
[EventType "swiss"]
[EventRounds "7"]
[EventCountry "TUR"]
[SourceTitle "EXT 2008"]
[Source "ChessBase"]
[SourceDate "2007.11.25"]
[SourceVersion "1"]
[SourceVersionDate "2007.11.25"]
[SourceQuality "1"]
[WhiteTeam "France"]
[BlackTeam "Germany"]
[WhiteTeamCountry "FRA"]
[BlackTeamCountry "GER"]

1. e4 c5 2. Nf3 Nc6 3. d4 cxd4 4. Nxd4 e5 5. Nb5 d6 6. a4 Nf6 7. N1c3 a6 8. Na3 Be6 9. Bc4 Be7 10. 0-0 0-0 11. Bd5 Bxd5 12. exd5 Nd4 13. Na2 Nd7 14. c3 Nf5 15. Nc4 Rc8 16. b3 Bg5 17. Qg4 Bxc1 18. Qxf5 Bf4 19. Nxd6 g6 20. Qc2 Rb8 21. Nc4 f5 22. Rae1 e4 23. f3 b5 24. axb5 axb5 25. Nb2 exf3 26. Nd3 Qb6+ 27. Kh1 fxg2+ 28. Qxg2 Be3 29. Nf4 Bxf4 30. Rxf4 Qd6 31. Rf2 Nc5 32. Nb4 Ne4 33. Ra2 Nxc3 34. Ra6 Qxb4 35. Rxg6+ Kh8 36. Rg7 Ne4 37. Rg1 Ng5 38. Qxg5 Qe4+ 39. Qg2 Qxg2+ 40. R1xg2 Rbd8 41. Rb7 1/2-1/2

[Event "NATO-ch 18th"]
[Site "Ankara"]
[Date "2007.09.03"]
[Round "3"]
[White "Prevel, Jean"]
[Black "Sirch, Franz"]
[Result "0-1"]
[WhiteElo "1998"]
[BlackElo "2168"]
[PlyCount "116"]
[EventDate "2007.09.01"]
[EventType "swiss"]
[EventRounds "7"]
[EventCountry "TUR"]
[SourceTitle "EXT 2008"]
[Source "ChessBase"]
[SourceDate "2007.11.25"]
[SourceVersion "1"]
[SourceVersionDate "2007.11.25"]
[SourceQuality "1"]
[WhiteTeam "France"]
[BlackTeam "Germany"]
[WhiteTeamCountry "FRA"]
[BlackTeamCountry "GER"]

1. e4 c5 2. d4 cxd4 3. c3 d5 4. exd5 Qxd5 5. cxd4 Nc6 6. Nf3 e5 7. Nc3 Bb4 8. Bd2 Bxc3 9. Bxc3 e4 10. Nd2 Nf6 11. Bc4 Qg5 12. Qb3 0-0 13. 0-0-0 Na5 14. Qb5 Qxb5 15. Bxb5 Nc6 16. Rde1 Bf5 17. Bc4 Rfd8 18. d5 Nxd5 19. Bxd5 Rxd5 20. Nxe4 Rc8 21. f3 Nd4 22. Re3 h6 23. Rhe1 b5 24. b4 Ne6 25. g3 Rcd8 26. a3 Bg6 27. Nd2 Rd3 28. Nb3 Kf8 29. f4 Bf5 30. Be5 Rc8+ 31. Nc5 Nxc5 32. bxc5 Rxc5+ 33. Kb2 Rxe3 34. Bd6+ Kg8 35. Rxe3 Rc2+ 36. Kb3 Rxh2 37. Kb4 Ra2 38. Re8+ Kh7 39. Bc5 Be6 40. Ra8 Rb2+ 41. Kc3 Rb3+ 42. Kd4 Rxg3 43. Rxa7 Kg6 44. Bd6 Rb3 45. Rc7 Rb1 46. Rc3 Rd1+ 47. Kc5 Rd5+ 48. Kc6 Kf5 49. Rg3 g6 50. Rh3 h5 51. Rg3 Ke4 52. Rg1 h4 53. Rb1 h3 54. f5 Rxf5 55. Rb4+ Kf3 56. Bh2 g5 57. Kd6 Rd5+ 58. Ke7 Rd2 0-1

[Event "Bad Woerishofen op 23th"]
[Site "Bad Woerishofen"]
[Date "2007.03.16"]
[Round "9"]
[White "Maugg, Ludwig"]
[Black "Sirch, Franz"]
[Result "1/2-1/2"]
[WhiteElo "2099"]
[BlackElo "2184"]
[PlyCount "58"]
[EventDate "2007.03.08"]
[EventType "swiss"]
[EventRounds "9"]
[EventCountry "GER"]
[SourceTitle "EXT 2008"]
[Source "ChessBase"]
[SourceDate "2007.11.25"]
[SourceVersion "1"]
[SourceVersionDate "2007.11.25"]
[SourceQuality "1"]

1. d4 Nf6 2. c4 c5 3. d5 b5 4. cxb5 a6 5. bxa6 Bxa6 6. Nc3 d6 7. g3 g6 8. Bg2 Bg7 9. Nf3 0-0 10. 0-0 Nbd7 11. Rb1 Qa5 12. Bd2 Rfb8 13. Qc2 Ng4 14. b3 Nge5 15. Rfe1 Nxf3+ 16. Bxf3 Ne5 17. Bg2 Bc8 18. h3 Qa3 19. Bc1 Qb4 20. Bb2 Bf5 21. e4 Bxh3 22. Bxh3 Nf3+ 23. Kf1 Nxe1 24. Rxe1 c4 25. Re2 cxb3 26. axb3 Qxb3 27. Qxb3 Rxb3 28. Nd1 Bxb2 29. Rxb2 Rxb2 1/2-1/2

[Event "Oberliga Bayern 0506"]
[Site "Bayern"]
[Date "2006.04.02"]
[Round "9.7"]
[White "Enigl, Karl"]
[Black "Sirch, Franz"]
[Result "1-0"]
[WhiteElo "2042"]
[BlackElo "2120"]
[PlyCount "49"]
[EventDate "2005.10.23"]
[EventType "team-tourn"]
[EventRounds "9"]
[EventCountry "GER"]
[SourceTitle "EXT 2007"]
[Source "ChessBase"]
[SourceDate "2006.11.23"]
[SourceVersion "1"]
[SourceVersionDate "2006.11.23"]
[SourceQuality "1"]
[WhiteTeam "Muenchen 36"]
[BlackTeam "Krumbach"]
[WhiteTeamCountry "GER"]
[BlackTeamCountry "GER"]

1. c4 c5 2. Nf3 Nf6 3. Nc3 e6 4. g3 b6 5. Bg2 Bb7 6. 0-0 Be7 7. b3 0-0 8. Bb2 d6 9. e3 Nbd7 10. Qe2 a6 11. d3 Qc7 12. Nh4 Bxg2 13. Nxg2 Ne5 14. f4 Nc6 15. g4 Rfd8 16. g5 Nd7 17. Qg4 Nf8 18. Ne4 d5 19. Nf6+ Kh8 20. Rf3 d4 21. Nxh7 Kxh7 22. Qh5+ Kg8 23. Rh3 Ng6 24. Qh7+ Kf8 25. Qh8+ 1-0

[Event "Oberliga Bayern 0506"]
[Site "Bayern"]
[Date "2006.01.15"]
[Round "5.7"]
[White "Krug, Stefan"]
[Black "Sirch, Franz"]
[Result "0-1"]
[WhiteElo "2087"]
[BlackElo "2088"]
[PlyCount "78"]
[EventDate "2005.10.23"]
[EventType "team-tourn"]
[EventRounds "9"]
[EventCountry "GER"]
[SourceTitle "EXT 2007"]
[Source "ChessBase"]
[SourceDate "2006.11.23"]
[SourceVersion "1"]
[SourceVersionDate "2006.11.23"]
[SourceQuality "1"]
[WhiteTeam "Bamberg SC"]
[BlackTeam "Krumbach"]
[WhiteTeamCountry "GER"]
[BlackTeamCountry "GER"]

1. e4 c5 2. c3 d5 3. exd5 Qxd5 4. d4 e6 5. Nf3 Nf6 6. Be2 cxd4 7. cxd4 Be7 8. Nc3 Qd8 9. 0-0 0-0 10. Bg5 Nc6 11. Rc1 b6 12. Bd3 Bb7 13. Bb1 Nb4 14. a3 Nbd5 15. Qd3 g6 16. Ne2 Rc8 17. Ne5 Qd6 18. Rfd1 Rfd8 19. Rxc8 Rxc8 20. Qh3 Nh5 21. Bc1 Bf8 22. g4 Nhf6 23. Ng3 Qc7 24. Bd2 Bg7 25. g5 Ne8 26. f4 Nd6 27. Bd3 Nf5 28. Nxf5 exf5 29. Rc1 Qd8 30. Rxc8 Qxc8 31. Qf1 Qd8 32. Bc4 a6 33. a4 b5 34. axb5 axb5 35. Bb3 Qb6 36. Qf2 Qa7 37. Bc1 Qa1 38. Nd3 Qb1 39. h4 Qxd3 0-1

[Event "Oberliga Bayern 0506"]
[Site "Bayern"]
[Date "2005.12.11"]
[Round "4.7"]
[White "Sirch, Franz"]
[Black "Zuehlke, Burkhard"]
[Result "1/2-1/2"]
[WhiteElo "2088"]
[BlackElo "2095"]
[PlyCount "89"]
[EventDate "2005.10.23"]
[EventType "team-tourn"]
[EventRounds "9"]
[EventCountry "GER"]
[SourceTitle "EXT 2007"]
[Source "ChessBase"]
[SourceDate "2006.11.23"]
[SourceVersion "1"]
[SourceVersionDate "2006.11.23"]
[SourceQuality "1"]
[WhiteTeam "Krumbach"]
[BlackTeam "Zirndorf"]
[WhiteTeamCountry "GER"]
[BlackTeamCountry "GER"]

1. e4 g6 2. d4 Bg7 3. Nc3 d6 4. Be2 c6 5. Be3 Nd7 6. Qd2 Qa5 7. Nf3 Ngf6 8. 0-0 0-0 9. Bh6 Re8 10. a3 Qc7 11. Bc4 Nb6 12. Bb3 e5 13. Bxg7 Kxg7 14. dxe5 dxe5 15. Ng5 Re7 16. f4 Be6 17. Nxe6+ fxe6 18. f5 exf5 19. exf5 Qd8 20. Qg5 Qd4+ 21. Kh1 Qg4 22. Qxg4 Nxg4 23. Ne4 Rf8 24. fxg6 Rxf1+ 25. Rxf1 hxg6 26. h3 Ne3 27. Re1 Nec4 28. Ng5 Kh6 29. h4 Nxb2 30. Rxe5 Rxe5 31. Nf7+ Kh5 32. Nxe5 Kxh4 33. Nxg6+ Kg5 34. Ne5 Kf5 35. Nf7 N6c4 36. Nd8 Na5 37. Kh2 b5 38. Be6+ Kf6 39. Bd7 Nbc4 40. Nxc6 Nxc6 41. Bxc6 Nxa3 42. Kg3 Ke5 43. Kh4 Nxc2 44. Bxb5 Ne3 45. g4 1/2-1/2

[Event "Oberliga Bayern 0506"]
[Site "Bayern"]
[Date "2005.11.27"]
[Round "3.7"]
[White "Mikliaeva, Darja S"]
[Black "Sirch, Franz"]
[Result "0-1"]
[WhiteElo "2077"]
[BlackElo "2088"]
[PlyCount "140"]
[EventDate "2005.10.23"]
[EventType "team-tourn"]
[EventRounds "9"]
[EventCountry "GER"]
[SourceTitle "EXT 2007"]
[Source "ChessBase"]
[SourceDate "2006.11.23"]
[SourceVersion "1"]
[SourceVersionDate "2006.11.23"]
[SourceQuality "1"]
[WhiteTeam "Bad Koenigshofen"]
[BlackTeam "Krumbach"]
[WhiteTeamCountry "GER"]
[BlackTeamCountry "GER"]

1. e4 c5 2. Nf3 e6 3. d4 cxd4 4. Nxd4 Nc6 5. Nc3 d6 6. Be3 Nf6 7. Bc4 Be7 8. Qe2 0-0 9. 0-0-0 a6 10. Bb3 Qc7 11. g4 Nxd4 12. Rxd4 b5 13. g5 Nd7 14. Qh5 Bb7 15. Rg1 g6 16. Qh6 Rfc8 17. f4 Bf8 18. Qh4 Bg7 19. f5 exf5 20. exf5 Ne5 21. fxg6 hxg6 22. Rf4 b4 23. Rxb4 Nf3 24. Qf4 Nxg1 25. Bxf7+ Qxf7 26. Qxf7+ Kxf7 27. Rxb7+ Kg8 28. Bxg1 Rab8 29. Rd7 Be5 30. Nd5 Rd8 31. Ra7 Ra8 32. Rc7 Rf8 33. Be3 Rf7 34. c3 a5 35. Rc4 Kg7 36. h4 Raf8 37. Nc7 Rf1+ 38. Kc2 R8f3 39. Bb6 Ra1 40. a4 Rh3 41. Ne6+ Kf7 42. Nd8+ Ke8 43. Bxa5 Rh2+ 44. Kb3 Rb1 45. Re4 Rbxb2+ 46. Kc4 Kd7 47. Nf7 Ke6 48. Nd8+ Kf5 49. Re1 Rxh4+ 50. Kd5 Rd2+ 51. Kc6 Rxa4 52. Rf1+ Rf4 53. Rxf4+ Bxf4 54. c4 Rd1 55. Nf7 Ke6 56. Nd8+ Ke7 57. Nb7 Rc1 58. Kd5 Kd7 59. c5 Bxg5 60. cxd6 Be3 61. Bc7 Rb1 62. Nd8 Rb5+ 63. Ke4 Bg1 64. Nf7 Bh2 65. Nh8 g5 66. Nf7 g4 67. Nh6 Rb4+ 68. Kf5 g3 69. Ng4 g2 70. Nf6+ Kc6 0-1

[Event "Oberliga Bayern 0405"]
[Site "Bayern"]
[Date "2005.04.10"]
[Round "9.7"]
[White "Sirch, Franz"]
[Black "Helbig, Uwe"]
[Result "1/2-1/2"]
[WhiteElo "2080"]
[BlackElo "2231"]
[PlyCount "90"]
[EventDate "2004.10.24"]
[EventType "team-tourn"]
[EventRounds "9"]
[EventCountry "GER"]
[SourceTitle "EXT 2020"]
[Source "ChessBase"]
[SourceDate "2019.10.17"]
[SourceVersion "1"]
[SourceVersionDate "2019.10.17"]
[SourceQuality "1"]
[WhiteTeam "Krumbach"]
[BlackTeam "Muenchen 36"]
[WhiteTeamCountry "GER"]
[BlackTeamCountry "GER"]

1. e4 d6 2. d4 Nf6 3. Nc3 g6 4. Nf3 Bg7 5. Be2 0-0 6. 0-0 c6 7. a4 b6 8. Bg5 Qc7 9. Qd2 Bg4 10. h3 Bxf3 11. Bxf3 Nbd7 12. Rad1 a6 13. Rfe1 b5 14. axb5 axb5 15. Qe3 e5 16. dxe5 dxe5 17. Bg4 Nxg4 18. hxg4 f6 19. Bh4 Rf7 20. Ra1 Qb8 21. f3 Bf8 22. Bf2 Nc5 23. Red1 Rxa1 24. Rxa1 Rd7 25. Qe1 Ne6 26. Ne2 Qd8 27. Be3 Nd4 28. Nxd4 exd4 29. Bf2 d3 30. cxd3 Rxd3 31. g5 fxg5 32. e5 c5 33. Qe4 Rd1+ 34. Rxd1 Qxd1+ 35. Kh2 Qd7 36. Be3 Be7 37. e6 Qd6+ 38. g3 b4 39. Kg2 Kg7 40. f4 gxf4 41. Bxf4 Qd8 42. Be5+ Kg8 43. Qc6 Qd2+ 44. Kh3 Qh6+ 45. Kg2 Qd2+ 1/2-1/2

[Event "Oberliga Bayern 0405"]
[Site "Bayern"]
[Date "2005.03.13"]
[Round "8.7"]
[White "Burggraf, Michael"]
[Black "Sirch, Franz"]
[Result "1-0"]
[WhiteElo "2074"]
[BlackElo "2080"]
[PlyCount "151"]
[EventDate "2004.10.24"]
[EventType "team-tourn"]
[EventRounds "9"]
[EventCountry "GER"]
[SourceTitle "EXT 2020"]
[Source "ChessBase"]
[SourceDate "2019.10.17"]
[SourceVersion "1"]
[SourceVersionDate "2019.10.17"]
[SourceQuality "1"]
[WhiteTeam "Forchheim SC II"]
[BlackTeam "Krumbach"]
[WhiteTeamCountry "GER"]
[BlackTeamCountry "GER"]

1. e4 c5 2. Nc3 Nc6 3. g3 Nf6 4. Bg2 d6 5. d3 e6 6. Nf3 Be7 7. 0-0 0-0 8. h3 a6 9. a4 Qc7 10. Nh2 b6 11. f4 Bb7 12. g4 Nd4 13. Ne2 d5 14. Nxd4 cxd4 15. e5 Nd7 16. Nf3 Rfc8 17. Nxd4 Bc5 18. c3 Bxd4+ 19. cxd4 Qc2 20. Qf3 f5 21. exf6 Nxf6 22. f5 exf5 23. g5 Nd7 24. Qxf5 Bc6 25. Be3 Kh8 26. Rac1 Qxa4 27. Rxc6 Qxc6 28. Bxd5 Qd6 29. Bf4 Qe7 30. Bxa8 Rxa8 31. Qd5 Re8 32. Kg2 Nf8 33. Bg3 Ne6 34. h4 a5 35. Be5 Rd8 36. Qe4 Re8 37. Rf6 Kg8 38. Rf2 Rd8 39. Re2 Re8 40. Qc6 Rd8 41. Qc4 b5 42. Qa2 a4 43. Re4 Qf7 44. Kg3 Rf8 45. Bf6 Nxg5 46. Qxf7+ Nxf7 47. Be7 Rb8 48. d5 Nh6 49. Kf4 Kf7 50. Bb4 Ng8 51. d6 Rb7 52. Ke5 Nf6 53. Re1 h6 54. Rc1 Rb8 55. Rc7+ Kg6 56. Re7 Ng4+ 57. Kd5 Nf6+ 58. Kc6 Rc8+ 59. Rc7 Re8 60. Bc3 Re3 61. Bxf6 Kxf6 62. d4 Rd3 63. Kd5 b4 64. Rc8 a3 65. bxa3 bxa3 66. d7 a2 67. d8Q+ Kf5 68. Qf8+ Kg4 69. Qxg7+ Kh3 70. Qd7+ Kxh4 71. Qe7+ Kh5 72. Qe2+ Kh4 73. Qh2+ Rh3 74. Qxa2 h5 75. Qf2+ Kg4 76. Rg8# 1-0

[Event "Oberliga Bayern 0304"]
[Site "Bayern"]
[Date "2004.03.28"]
[Round "8.7"]
[White "Riedel, Hartmut"]
[Black "Sirch, Franz"]
[Result "1-0"]
[WhiteElo "2017"]
[BlackElo "2108"]
[PlyCount "61"]
[EventDate "2003.10.12"]
[EventType "team-tourn"]
[EventRounds "9"]
[EventCountry "GER"]
[SourceTitle "EXT 2006"]
[Source "ChessBase"]
[SourceDate "2005.11.24"]
[SourceVersion "1"]
[SourceVersionDate "2005.11.24"]
[SourceQuality "1"]
[WhiteTeam "Zirndorf"]
[BlackTeam "Krumbach"]
[WhiteTeamCountry "GER"]
[BlackTeamCountry "GER"]

1. d4 Nf6 2. g3 c5 3. c3 cxd4 4. cxd4 g6 5. Bg2 Bg7 6. Nc3 0-0 7. e4 d6 8. Nge2 Nc6 9. 0-0 Bd7 10. h3 Qc8 11. Kh2 Rd8 12. Be3 e5 13. Rc1 Qb8 14. f4 Bg4 15. Qd2 Bxe2 16. Nxe2 Re8 17. fxe5 dxe5 18. d5 Nd4 19. Bg5 Qd6 20. Nxd4 exd4 21. Qf2 Nxe4 22. Qxf7+ Kh8 23. Rc7 Qxg3+ 24. Kg1 Qxc7 25. Qxc7 Nxg5 26. d6 d3 27. d7 Red8 28. Bxb7 Nxh3+ 29. Kg2 Rab8 30. Kxh3 d2 31. Bc8 1-0

[Event "Oberliga Bayern 0304"]
[Site "Bayern"]
[Date "2004.02.15"]
[Round "6.7"]
[White "Bogdanov, Andrei"]
[Black "Sirch, Franz"]
[Result "0-1"]
[WhiteElo "2050"]
[BlackElo "2108"]
[PlyCount "112"]
[EventDate "2003.10.12"]
[EventType "team-tourn"]
[EventRounds "9"]
[EventCountry "GER"]
[SourceTitle "EXT 2006"]
[Source "ChessBase"]
[SourceDate "2005.11.24"]
[SourceVersion "1"]
[SourceVersionDate "2005.11.24"]
[SourceQuality "1"]
[WhiteTeam "Muenchen Schwabing"]
[BlackTeam "Krumbach"]
[WhiteTeamCountry "GER"]
[BlackTeamCountry "GER"]

1. e4 c5 2. Nf3 Nc6 3. Bb5 d6 4. Bxc6+ bxc6 5. 0-0 Bg4 6. c3 e5 7. d3 Be7 8. h3 Bh5 9. Nbd2 Nf6 10. Qa4 Qc7 11. d4 cxd4 12. cxd4 0-0 13. dxe5 dxe5 14. b3 Rab8 15. Bb2 Rb4 16. Bxe5 Qb7 17. Qa5 Bxf3 18. Nxf3 Nxe4 19. Rac1 Rd8 20. Rc2 h6 21. Re1 Rd7 22. Ba1 Rb5 23. Qa4 Nc5 24. Qg4 Bf8 25. Bxg7 f5 26. Qxf5 Rxg7 27. a4 Rxb3 28. Rxc5 Rxf3 29. Qxf3 Bxc5 30. Re8+ Kh7 31. Qf5+ Rg6 32. Qxc5 Qb1+ 33. Kh2 Rxg2+ 34. Kxg2 Qg6+ 35. Kf3 Qxe8 36. Qxa7+ Kg6 37. Qd4 Qf7+ 38. Kg3 Qb3+ 39. Kh4 c5 40. Qd6+ Kg7 41. Qe7+ Kg6 42. Qd6+ Kh7 43. a5 Qa4+ 44. Kh5 Qe8+ 45. Kg4 Qa4+ 46. f4 Qxa5 47. Qd7+ Kg8 48. Kh5 Qb6 49. Qe8+ Kg7 50. Qe7+ Kg8 51. f5 Qc6 52. Kh4 Qa4+ 53. Kh5 Qc6 54. Qe5 c4 55. Qc3 Kh7 56. h4 Qe4 0-1

[Event "GER-ch Army 15th"]
[Site "Stadtallendorf"]
[Date "2004.??.??"]
[Round "5"]
[White "Kraft, Matthias"]
[Black "Sirch, Franz"]
[Result "0-1"]
[WhiteElo "2003"]
[BlackElo "2112"]
[PlyCount "128"]
[EventDate "2004.05.10"]
[EventType "swiss"]
[EventRounds "6"]
[EventCountry "GER"]
[SourceTitle "EXT 2006"]
[Source "ChessBase"]
[SourceDate "2005.11.24"]
[SourceVersion "1"]
[SourceVersionDate "2005.11.24"]
[SourceQuality "1"]

1. Nf3 Nf6 2. g3 g6 3. Bg2 Bg7 4. 0-0 0-0 5. d3 c5 6. Nbd2 Nc6 7. c3 d6 8. Qc2 Rb8 9. Re1 b5 10. Nf1 a5 11. e4 b4 12. Bd2 bxc3 13. bxc3 Ba6 14. Rab1 Qc7 15. Ne3 e6 16. a3 Nd7 17. Bf1 Nde5 18. Nxe5 Nxe5 19. Kg2 Qc6 20. f4 Nd7 21. c4 Rxb1 22. Rxb1 Bd4 23. Be2 Bb7 24. Bf3 Ba8 25. Rb5 f5 26. Qb3 Nf6 27. Rb6 a4 28. Qb1 Qc7 29. exf5 Nd7 30. Rb5 Bxf3+ 31. Kxf3 Qc6+ 32. Ke2 exf5 33. Nd5 Re8+ 34. Kd1 Nf6 35. Rb6 Qd7 36. Qb5 Qxb5 37. Nxf6+ Bxf6 38. cxb5 Bb2 39. Rxd6 Rb8 40. b6 Bxa3 41. Bc3 Bb4 42. Bf6 Kf7 43. Be5 Rb7 44. Rc6 Ke8 45. Bc7 a3 46. Kc2 Kd7 47. Rd6+ Ke7 48. Kb3 c4+ 49. Kxb4 a2 50. dxc4 a1Q 51. c5 Qa6 52. Rc6 Qd3 53. Rd6 Qb1+ 54. Kc4 Rxc7 55. bxc7 Qb7 56. Rb6 Qxc7 57. Kb5 Kd7 58. c6+ Kd6 59. Ra6 Kd5 60. Rb6 h6 61. Ra6 g5 62. Kb4 gxf4 63. gxf4 Qxf4+ 64. Kb5 Qc4+ 0-1

[Event "GER-ch Army 15th"]
[Site "Stadtallendorf"]
[Date "2004.??.??"]
[Round "4"]
[White "Sirch, Franz"]
[Black "Buss, Stephan"]
[Result "1-0"]
[WhiteElo "2112"]
[BlackElo "1889"]
[PlyCount "77"]
[EventDate "2004.05.10"]
[EventType "swiss"]
[EventRounds "6"]
[EventCountry "GER"]
[SourceTitle "EXT 2006"]
[Source "ChessBase"]
[SourceDate "2005.11.24"]
[SourceVersion "1"]
[SourceVersionDate "2005.11.24"]
[SourceQuality "1"]

1. e4 c6 2. d4 d5 3. exd5 cxd5 4. c4 Nf6 5. Nc3 e6 6. Nf3 Be7 7. a3 0-0 8. c5 Nbd7 9. Bf4 Ne4 10. Bd3 f5 11. Ne5 Nxc3 12. bxc3 g5 13. Nxd7 Bxd7 14. Be5 Bf6 15. Qe2 Bxe5 16. Qxe5 Qf6 17. Qxf6 Rxf6 18. Kd2 Rc8 19. Rhb1 Rc7 20. a4 Rf7 21. a5 a6 22. Rb6 Re7 23. Re1 Bc6 24. Re5 Kg7 25. g4 Rf7 26. gxf5 exf5 27. Rb1 Rce7 28. Rbe1 Rxe5 29. Rxe5 Kg6 30. c4 dxc4 31. Bxc4 Rf8 32. d5 Rd8 33. d6 Rd7 34. Kc3 f4 35. Bd3+ Kh5 36. Kd4 Rg7 37. Re7 Rg8 38. Rxh7+ Kg4 39. Be2+ 1-0